000 00840cab a2200337 4500
001 WB3512-41
008 090401t1999 xxu||||| |||| 00| 0 eng d
035 _a(Sirsi) u92379
041 _aeng
245 _aAnnual review of trade and industry
260 _c1999
350 _a0
490 _aYorkshire Post
_v`Supplement` 25 March 1999 (55) (LOAN)
650 _aAGRICULTURE
650 _aPROPERTY-COMMERCIAL PROPERTY
650 _aCOMPANIES
650 _aBUILT ENVIRONMENT
650 _aELECTRONICS
650 _aENERGY
_96237
650 _aENGINEERING
650 _aINDUSTRIAL PROPERTY
650 _aINDUSTRY
650 _aMANUFACTURING
650 _aREGIONAL DEVELOPMENT
650 _aTRADE
650 _aTRANSPORT
650 _aYORKSHIRE
690 _aSPECIAL REPORTS
942 _n0
948 _c25/03/1999
999 _c58569
_d58569